Bushido : el camino del samurai /

Bibliographic Details
Main Author: Yamamoto, Tsunetomo, 1659-1719 (Author)
Other Authors: Alonso Porri, Eva (Translator)
Format: Electronic eBook
Language:Spanish
English
Published: Badalona (España) : Editorial Paidotribo, [2010]
Edition:Primera edición.
Subjects:
Online Access:Digitalia Hispánica

MARC

LEADER 00000nam a2200000Ii 4500
001 DIGEDPBR0017
003 NyNyDIG
006 m o d
007 cr |||||||||||
008 260105s2010 sp a o 000 0 spa d
035 |a (OCoLC)1154904598 
040 |a DGITA  |b eng  |e rda  |e pn  |c DGITA 
020 |a 9788499101064  |q ePub 
020 |z 9788480198431 
041 1 |a spa  |h eng 
043 |a a-ja--- 
050 1 4 |a BJ971.B8 ebook 
100 1 |a Yamamoto, Tsunetomo,  |d 1659-1719,  |e author. 
240 1 0 |a Bushido.  |l Spanish  |s (Alonso Porri) 
245 1 0 |a Bushido :  |b el camino del samurai /  |c Yamamoto Tsunetomo ; traducción, Eva Alonso Porri. 
250 |a Primera edición. 
264 1 |a Badalona (España) :  |b Editorial Paidotribo,  |c [2010] 
300 |a 1 online resource :  |b illustrations. 
336 |a text  |b txt  |2 rdacontent 
337 |a computer  |b c  |2 rdamedia 
338 |a online resource  |b cr  |2 rdacarrier 
347 |a text file  |2 rdaft 
347 |b EPUB 
588 0 |a Online resource; title from ePub title page (Digitalia, viewed January 5, 2026) 
650 0 |a Bushido. 
651 0 |a Saga-han (Japan) 
700 1 |a Alonso Porri, Eva,  |e translator. 
700 1 |i Translation of:  |a Yamamoto, Tsunetomo,  |d 1659-1719.  |t Bushido. 
791 2 |a Digitalia (Firm),  |e distributor. 
793 0 |g Digitalia eBook Collection:  |a Editorial Paidotribo 
776 0 8 |i Print version:  |a Yamamoto, Tsunetomo, 1659-1719.  |s Bushido. Spanish (Alonso Porri).  |t Bushido.  |b Primera edición, 3ª reimpresión.  |d Badalona (España) : Editorial Paidotribo, [2010]  |z 9788480198431 
856 4 0 |3 Digitalia Hispánica  |u https://www.digitaliapublishing.com/a/159666/ 
910 |a Premium collection: 2026